| 000 | 00883cam a22002895a 4500 | ||
|---|---|---|---|
| 001 | 017133246 | ||
| 003 | OSt | ||
| 005 | 20201128023648.0 | ||
| 008 | 150327t2016 enka frbd 001 0 eng d | ||
| 020 | _a9781292090207 | ||
| 020 | _a1292090200 | ||
| 040 |
_aStDuBDS _beng _cStDuBDS _dEG-ScBUE |
||
| 082 | 0 | 4 |
_a658 _222 _bROB |
| 100 | 1 |
_aRobbins, Stephen P., _d1943- _98040 |
|
| 245 | 1 | 0 |
_aManagement / _cStephen P. Robbins, Mary Coulter. |
| 250 | _a13th ed., Global ed. | ||
| 260 |
_aHarlow : _bPearson Education Limited, _cc.2016. |
||
| 300 |
_a717 p. : _bill. ; _c28 cm. |
||
| 500 | _aPrevious edition: 2013. | ||
| 500 | _aGlossary : p. 672-683. | ||
| 504 | _aIncludes bibliographical references and indexes. | ||
| 650 | 7 |
_aManagement. _2BUEsh _9553 |
|
| 653 |
_bBUSADM _cMarch2016 |
||
| 655 |
_vText book _933728 |
||
| 700 | 1 |
_aCoulter, Mary K. _937616 |
|
| 942 | _2ddc | ||
| 999 |
_c21295 _d21267 |
||